[Event "EUCup Gr4"]
[Site "Berlin"]
[Date "1996.??.??"]
[Round "3"]
[White "Lobron, Eric"]
[Black "Chuchelov, Vladimir"]
[Result "0-1"]
[WhiteElo "2585"]
[BlackElo "2490"]

1.d4 Nf6 2.Nf3 e6 3.c4 b6 4.a3 Ba6 5.Qc2 Bb7 6.Nc3 c5 7.e4 cxd4 8.Nxd4 Nc6
9.Nxc6 Bxc6 10.Bf4 Bc5 11.Be2 O-O 12.O-O-O Ne8 13.Bg3 e5 14.Kb1 Bd4 15.f4 Bxc3
16.Qxc3 Nf6 17.fxe5 Nxe4 18.Qe3 f5 19.e6 Nxg3 20.e7 Be4+ 21.Qxe4 Nxe4 22.exd8=Q Raxd8
23.Rd4 Nf6 24.h3 Rde8 25.Bd3 Re5 26.Rf1 g6 27.g4 fxg4 28.hxg4 Kg7 29.Rd6 Rf7
30.Rd4 Rfe7 31.Kc2 Rg5 32.Rff4 d5 33.Kd2 Rge5 34.b4 dxc4 35.Rxc4 Rd7 36.Rfd4 Rxd4
37.Rxd4 Kh6 38.Rc4 Re7 39.a4 Kg5 40.Be2 Re4 41.Rxe4 Nxe4+ 42.Kd3 Kf4 43.Kd4 Nf6
44.Kc4 Nxg4 45.Kb5 h5 46.Ka6 h4 47.Kxa7 Ne3 48.Bb5 h3 49.Bc6 Nc4 50.Ka6 g5
51.Kb5 g4  0-1

[Event "Berliner Sommer"]
[Site "Berlin"]
[Date "1996.??.??"]
[Round "6"]
[White "San Segundo, Pablo"]
[Black "Anastasian, Ashot"]
[Result "0-1"]
[WhiteElo "2505"]
[BlackElo "2550"]

1.d4 Nf6 2.Nf3 e6 3.c4 b6 4.a3 Bb7 5.Nc3 d5 6.Qc2 dxc4 7.e4 c5 8.d5 exd5
9.exd5 Bd6 10.Bxc4 O-O 11.O-O Nbd7 12.Re1 a6 13.Bg5 h6 14.Bh4 b5 15.Ne4 Be7
16.Ba2 Nxe4 17.Rxe4 Bxh4 18.Rxh4 Re8 19.Rf4 c4 20.Rd1 Nf6 21.d6 Be4 22.Qc1 Re6
23.b3 Rxd6 24.Re1 c3 25.b4 Rc8 26.Ne5 Bd5 27.Qc2 Bxa2 28.Qxa2 Re6  0-1

[Event "Biel SKA"]
[Site "Biel"]
[Date "1996.??.??"]
[Round "1"]
[White "Lautier, Joel"]
[Black "Karpov, Anatoly"]
[Result "1/2-1/2"]
[WhiteElo "2620"]
[BlackElo "2775"]

1.d4 Nf6 2.c4 e6 3.Nf3 b6 4.a3 Bb7 5.Nc3 d5 6.cxd5 Nxd5 7.e3 g6 8.Nxd5 exd5
9.b4 a6 10.Bd2 Nd7 11.a4 c6 12.Rc1 Bd6 13.a5 b5 14.Bd3 O-O 15.Qb3 Re8 16.Qb2 Re6
17.O-O Qe7 18.g3 Re8 19.h4 Qd8 20.h5  1/2-1/2

[Event "Biel Credis"]
[Site "Biel"]
[Date "1996.??.??"]
[Round "6"]
[White "Pelletier, Yannick"]
[Black "Campora, Daniel H"]
[Result "1-0"]
[WhiteElo "2440"]
[BlackElo "2545"]

1.d4 Nf6 2.c4 e6 3.Nf3 b6 4.a3 Ba6 5.Qc2 c5 6.d5 exd5 7.cxd5 d6 8.Nc3 g6
9.Bf4 Bg7 10.Qa4+ b5 11.Nxb5 O-O 12.Nc3 Qb6 13.Bd2 Re8 14.e3 Bxf1 15.Kxf1 Nbd7
16.Ke2 Qd8 17.Rhd1 Nb6 18.Qa6 Qd7 19.Be1 Ne4 20.Kf1 Qf5 21.Nxe4 Rxe4 22.Bc3 Bxc3
23.bxc3 Nc4 24.Kg1 Qf6 25.Qb7 Rae8 26.Qb3 h5 27.Nd2 Nxd2 28.Rxd2 h4 29.h3 g5
30.Re1 g4 31.c4 Kh7 32.f3 gxf3 33.Rf2 Rg8 34.Qc2 Qg6 35.Rxf3 Rxc4 36.Rxf7+ Kh6
37.Qf2 Qg3 38.Qf6+ Qg6 39.Qf1 Qg5 40.g4 Kg6  1-0

[Event "Biel op MTO"]
[Site "Biel"]
[Date "1996.??.??"]
[Round "7"]
[White "Siegel, Georg"]
[Black "Ellers, Holger"]
[Result "1/2-1/2"]
[WhiteElo "2475"]
[BlackElo "2305"]

1.d4 Nf6 2.c4 e6 3.Nf3 b6 4.a3 Ba6 5.Qc2 Bb7 6.Nc3 c5 7.e4 cxd4 8.Nxd4 Nc6
9.Nxc6 Bxc6 10.Bf4 Nh5 11.Be3 Qb8 12.O-O-O Bd6 13.g3 f5 14.f4 Nf6 15.Bg2 fxe4
16.Nxe4 Nxe4 17.Bxe4 Qb7 18.Bxh7 Bxh1 19.Qg6+ Kd8 20.Rxd6 Kc7 21.Rd2 Qf3
22.Rd3 Qe2 23.Qxg7 Rad8 24.c5 Bd5 25.cxb6+ Kb7 26.Rc3 Qe1+ 27.Kc2  1/2-1/2

[Event "Biel SKA"]
[Site "Biel"]
[Date "1996.??.??"]
[Round "8"]
[White "Portisch, Lajos"]
[Black "Karpov, Anatoly"]
[Result "0-1"]
[WhiteElo "2600"]
[BlackElo "2775"]

1.d4 Nf6 2.c4 e6 3.Nf3 b6 4.a3 Bb7 5.Nc3 d5 6.cxd5 Nxd5 7.Qc2 Nxc3 8.Qxc3 Nd7
9.Bg5 Be7 10.Bxe7 Kxe7 11.e3 Rc8 12.Be2 c5 13.dxc5 Rxc5 14.Qxg7 Rg8 15.Qxh7 Rxg2
16.Qh4+ Nf6 17.Rd1 Qc7 18.Nd4 a5 19.Nb5 Rxb5 20.Bxb5 Rg4  0-1

[Event "Biel SKA"]
[Site "Biel"]
[Date "1996.??.??"]
[Round "9"]
[White "Tukmakov, Vladimir B"]
[Black "Romanishin, Oleg M"]
[Result "1-0"]
[WhiteElo "2580"]
[BlackElo "2555"]

1.d4 Nf6 2.c4 e6 3.Nf3 b6 4.a3 Bb7 5.Nc3 g6 6.Qc2 Bxf3 7.gxf3 Nc6 8.e3 Bg7
9.d5 Na5 10.b4 Nb7 11.Bb2 O-O 12.Rd1 Qe7 13.Be2 a5 14.Qb3 e5 15.O-O d6 16.Kh1 Ne8
17.Rg1 f5 18.Rg2 Nf6 19.Rdg1 Kh8 20.Bd1 Nh5 21.f4 Nf6 22.fxe5 dxe5 23.f3 Nd6
24.Be2 Nf7 25.Nb5 Nd6 26.Nc3 Nf7 27.Rc1 Ne8 28.Nb5 Ned6 29.bxa5 Rxa5 30.Bc3 Raa8
31.Bb4 Rfb8 32.c5 bxc5 33.Rxc5 Nxb5 34.Bxb5 Nd6 35.Bf1 f4 36.exf4 exf4 37.Re2 Qf6
38.Rxc7 Qa1 39.Kg2 Nf5 40.Re1 Qf6 41.Qd3 Qg5+ 42.Kh1 Rxb4 43.axb4 Bd4 44.Bh3 Qh4
45.Qe2 Ne3 46.Rc8+ Rxc8 47.Bxc8 Nxd5 48.Rd1  1-0

[Event "Biel SKA"]
[Site "Biel"]
[Date "1996.??.??"]
[Round "11"]
[White "Karpov, Anatoly"]
[Black "Romanishin, Oleg M"]
[Result "1-0"]
[WhiteElo "2775"]
[BlackElo "2555"]

1.d4 Nf6 2.c4 e6 3.Nf3 b6 4.a3 Bb7 5.Nc3 g6 6.Qd3 Bg7 7.e4 d6 8.Be2 O-O 9.O-O Nbd7
10.Qc2 c5 11.d5 e5 12.g3 Nh5 13.Ne1 Ndf6 14.Ng2 Bc8 15.b4 Qd7 16.bxc5 bxc5
17.Rb1 Qh3 18.Nb5 Qd7 19.Bd2 a6 20.Nc3 Qh3 21.Na4 Ng4 22.Bxg4 Bxg4 23.f3 Nf6
24.Bg5 Bd7 25.Rb6 Rab8 26.Rfb1 Rxb6 27.Nxb6 Rb8 28.Rb3 Ne8 29.Ne1 Rb7 30.Nd3 Qh5
31.Nxd7 Rxd7 32.h4 Qxf3 33.Nf2  1-0

[Event "SLO-chT"]
[Site "Bled"]
[Date "1996.??.??"]
[Round "4"]
[White "Farago, Ivan"]
[Black "Podlesnik, Bogdan"]
[Result "1-0"]
[WhiteElo "2515"]
[BlackElo "2420"]

1.d4 Nf6 2.c4 e6 3.Nf3 b6 4.a3 Bb7 5.Nc3 g6 6.Qc2 Bg7 7.e4 d5 8.cxd5 exd5
9.e5 Ne4 10.Bd3 Nxc3 11.bxc3 O-O 12.O-O c5 13.Bg5 Qc8 14.Qd2 Ba6 15.Bxa6 Nxa6
16.a4 Re8 17.Bh6 Nc7 18.h3 Ne6 19.Nh2 f5 20.exf6 Bxf6 21.Ng4 Bh8 22.Be3 h5
23.Nh2 cxd4 24.cxd4 Qd7 25.Nf3 Rac8 26.Qd3 Kh7 27.Rfe1 Bf6 28.a5 b5 29.Ra2 a6
30.Rae2 Re7 31.Bd2 Rce8 32.Qe3 Ng5 33.Ne5 Qf5 34.f3 Bxe5 35.dxe5 Ne6 36.g4 Qf7
37.f4 Ng7 38.Rg2 Qe6 39.Qd3 Rf7 40.Rf1 Rc8 41.Kh1 Rc4 42.f5 gxf5 43.gxf5 Nxf5
44.Rg5 Re4 45.Rxh5+ Kg8 46.Rg5+ Ng7 47.Rfg1 Rh4 48.Rxg7+ Rxg7 49.Rxg7+ Kxg7
50.Qg3+ Kf7 51.Qxh4 Qxe5 52.Kg2 Qb2 53.Qb4 Qc2 54.Qd4 Ke6 55.Kf3 Qd1+ 56.Kg3 Qh1
57.Qe3+ Kd7 58.Qe1 Qxe1+ 59.Bxe1 Kd6 60.Kf4 Kc5 61.Ke5  1-0

[Event "Bled op"]
[Site "Bled"]
[Date "1996.??.??"]
[Round "6"]
[White "Savchenko, Stanislav"]
[Black "Drei, Andrea"]
[Result "1-0"]
[WhiteElo "2585"]
[BlackElo "2325"]

1.d4 Nf6 2.c4 e6 3.Nf3 b6 4.a3 Ba6 5.Qc2 Bb7 6.Nc3 c5 7.e4 cxd4 8.Nxd4 d6
9.Be2 Nbd7 10.Be3 Be7 11.f4 a6 12.O-O-O Qc7 13.g4 Nc5 14.Bf3 g5 15.f5 e5
16.Nde2 h5 17.h3 hxg4 18.hxg4 Rxh1 19.Rxh1 O-O-O 20.Kb1 Rg8 21.Nd5 Nxd5 22.cxd5 Kb8
23.Rh7 Rf8 24.Ng3 Bd8 25.Nh5 Nd7 26.Qxc7+ Kxc7 27.Rg7 Nf6 28.Bxg5 Nxh5 29.gxh5 Bxg5
30.Rxg5 Kd8 31.f6 Rh8 32.Bg4 Rh6 33.Rg8+ Kc7 34.Rg6  1-0

[Event "SLO-chT"]
[Site "Bled"]
[Date "1996.??.??"]
[Round "6"]
[White "Hulak, Krunoslav"]
[Black "Farago, Ivan"]
[Result "1-0"]
[WhiteElo "2545"]
[BlackElo "2515"]

1.d4 Nf6 2.c4 e6 3.Nf3 b6 4.a3 Bb7 5.Nc3 d5 6.cxd5 Nxd5 7.Qc2 Be7 8.Bd2 Nd7
9.e4 Nxc3 10.Bxc3 O-O 11.O-O-O c5 12.d5 exd5 13.exd5 Bf6 14.Bd3 g6 15.Bb5 Bxc3
16.Qxc3 Nf6 17.Bc6 Ne4 18.Qe5 Nd6 19.h4 Rc8 20.h5 Rc7 21.Qf4 Bc8 22.g4 Re7
23.Ng5 h6 24.hxg6 fxg6 25.Qh2 Re5 26.Ne6 Qf6 27.Qxh6 Rf7 28.g5 Nf5 29.Qh2  1-0

[Event "GER-chT Federal Cup (Women)"]
[Site "Braunfels"]
[Date "1996.??.??"]
[Round "?"]
[White "Ulms, Sandra"]
[Black "Glaser, Andrea"]
[Result "1-0"]
[WhiteElo "2070"]
[BlackElo "2065"]

1.d4 Nf6 2.c4 e6 3.Nf3 b6 4.a3 Bb7 5.Bg5 h6 6.Bh4 Be7 7.Nbd2 c5 8.e3 O-O
9.Bd3 cxd4 10.Nxd4 d5 11.O-O Nc6 12.Nxc6 Bxc6 13.Qe2 dxc4 14.Bxc4 Ne4 15.Bxe7 Qxe7
16.Nxe4 Bxe4 17.f3 Bb7 18.Ba2 Rfd8 19.Rad1 Rac8 20.Bb1 Rc7 21.Rxd8+ Qxd8
22.Rd1 Rd7 23.Rxd7 Qxd7 24.f4 Qc6 25.Qd2 Qc7 26.Kf2 f5 27.Ba2 Kf7 28.b4 Qc6
29.Kg1 Kg6 30.Bb3 Qe4 31.Bd1 Bd5 32.h4 Qb1 33.Kh2 Qa2 34.Qxa2 Bxa2 35.Kg1 Kf6
36.Kf2 Ke7 37.Ke2 Bd5 38.g3 Be4 39.Kd2 Kd6 40.Kc3 b5 41.Kd4 Bc6 42.Bh5 a6
43.Be2 g6 44.g4 Bd5 45.h5 gxh5 46.gxf5 exf5 47.Bxh5 Bc6 48.Be2 Be4 49.Bd1 Bg2
50.Bc2 Ke6 51.Bb3+ Kf6 52.Bd1 Kg6 53.Kd3 h5 54.Ke2 h4 55.Kf2 Bh3 56.Bb3 Bg4
57.Bd5 Bd1 58.Bb7 Kh5 59.Bxa6 Ba4 60.Bb7 Bc2 61.Bc6 Bd3 62.a4 bxa4 63.Bxa4 Be4
64.Bd1+ Kg6 65.Be2 Kf6 66.Kg1 h3 67.Kh2 Bd5 68.b5 Ke6 69.Bd3 Kf6 70.b6 Kg6
71.Ba6 Kh5 72.b7 Bxb7 73.Bxb7 Kg4 74.Bc6 Kh4 75.Bd7 Kg4 76.Bxf5+ Kxf5 77.Kxh3  1-0

[Event "EUCup f"]
[Site "Budapest"]
[Date "1996.??.??"]
[Round "1"]
[White "Relange, Eloi"]
[Black "Palac, Mladen"]
[Result "1/2-1/2"]
[WhiteElo "2450"]
[BlackElo "2540"]

1.d4 Nf6 2.c4 e6 3.Nf3 b6 4.a3 Bb7 5.Nc3 d5 6.Bg5 Be7 7.Qa4+ Bc6 8.Qc2 dxc4
9.e4 b5 10.Be2 Nbd7 11.O-O O-O 12.Rad1 a6 13.a4 b4 14.d5 exd5 15.Nxd5 Nxd5
16.exd5 Bxa4 17.Qxa4 Bxg5 18.Nxg5 Nb6 19.Qxb4 Qxg5 20.Qc5 Qe5 21.Rd2 Qd6
22.Qd4 Qb4 23.Rc1 Rfe8 24.g3 Re4 25.Qxe4 Qxd2 26.Rc2 Qe1+ 27.Kg2 Qa5 28.Bxc4 Nxc4
29.Qxc4 Rd8 30.Qc5 Rxd5  1/2-1/2

[Event "EUCup f"]
[Site "Budapest"]
[Date "1996.??.??"]
[Round "3"]
[White "Cvitan, Ognjen"]
[Black "Palac, Mladen"]
[Result "0-1"]
[WhiteElo "2535"]
[BlackElo "2540"]

1.d4 e6 2.c4 Nf6 3.Nf3 b6 4.a3 Bb7 5.Nc3 d5 6.cxd5 Nxd5 7.e3 Be7 8.Bb5+ c6
9.Bd3 O-O 10.e4 Nxc3 11.bxc3 c5 12.O-O Nc6 13.Be3 cxd4 14.cxd4 Rc8 15.Re1 Bf6
16.e5 Be7 17.h3 Rc7 18.Qe2 Qd7 19.Rad1 Na5 20.Bd2 Rfc8 21.Bb1 Nc4 22.Bb4 Qd8
23.Nh2 Bg5 24.Qd3 g6 25.Re2 a5 26.Be1 Ba6 27.h4 Bxh4 28.Qh3 Be7 29.Bd3 Rd7
30.Nf3 Bb7 31.Be4 Bxe4 32.Rxe4 b5 33.g3 Bxa3 34.Kg2 Bf8 35.Bc3 Bg7 36.Rh1 h6
37.Rh4 Qf8 38.Ng5 Ne3+ 39.fxe3 Rxc3 40.Ne4 Rc2+ 41.Kf3 h5 42.Rf4 Qa3 43.Qf1 Qb3
44.g4 Rxd4 45.gxh5 Rd3 46.hxg6 Rxe3+ 47.Kg4 Qd5 48.gxf7+ Kf8 49.Rh7 Rxe4
50.Rxg7 Rxf4+  0-1

[Event "Budapest FS06 GM"]
[Site "Budapest"]
[Date "1996.??.??"]
[Round "5"]
[White "Kaabi, Mejdi"]
[Black "Priehoda, Vitezslav"]
[Result "1/2-1/2"]
[WhiteElo "2395"]
[BlackElo "2380"]

1.d4 Nf6 2.Nf3 e6 3.c4 b6 4.a3 Ba6 5.Qc2 Bb7 6.Nc3 c5 7.dxc5 Bxc5 8.Bg5 Be7
9.e3 h6 10.Bh4 O-O 11.Be2 d6 12.O-O Nbd7 13.Rfd1 a6 14.Bg3 Nc5 15.Nd2 e5
16.b4 Ne6 17.Nb3 Qc7 18.Rac1 Rac8 19.Qb1 Qb8 20.a4 Qa8 21.Bf1 a5 22.bxa5 bxa5
23.f3 Nd7 24.e4 Ndc5 25.Nxc5 Nxc5 26.Bf2 Bc6 27.Qc2 Na6 28.Nb5  1/2-1/2

[Event "Budapest FS08 GM"]
[Site "Budapest"]
[Date "1996.??.??"]
[Round "6"]
[White "Kumaran, Dharshan"]
[Black "Csom, Istvan"]
[Result "1-0"]
[WhiteElo "2495"]
[BlackElo "2460"]

1.d4 Nf6 2.c4 e6 3.Nf3 b6 4.a3 Bb7 5.Nc3 Ne4 6.Nxe4 Bxe4 7.Nd2 Bg6 8.g3 Nc6
9.Nf3 Be4 10.Bg2 Be7 11.O-O Bf6 12.e3 O-O 13.b3 Qc8 14.Bh3 Na5 15.Nd2 Bd3
16.Re1 c5 17.Bb2 Nc6 18.Bg2 Bg6 19.Ne4 Bxe4 20.Bxe4 Rb8 21.Qc2 h6 22.Rad1 cxd4
23.exd4 Ne7 24.d5 Bxb2 25.Qxb2 Kh8 26.Bb1 Re8 27.Qd2 Kg8 28.Qd3 Ng6 29.dxe6 dxe6
30.Qd7 Qxd7 31.Rxd7 Re7 32.Red1 Rb7 33.Rxe7 Rxe7 34.Rd8+ Nf8 35.Rc8 f5 36.Kf1 Kf7
37.b4 g5 38.Ke2 Ng6 39.c5 bxc5 40.Rxc5 Nf8 41.Ba2 Rb7 42.Rxf5+ Ke7 43.Rc5 Kd6
44.Rc8 Ng6 45.Re8 Re7 46.Rxe7 Nxe7 47.Ke3 Ng8 48.a4 Nf6 49.h3 e5 50.Bc4 Kc6
51.a5 Kd6 52.b5 Kc5 53.Bf1 g4 54.hxg4 Nxg4+ 55.Ke4 Nxf2+ 56.Kxe5 Ng4+ 57.Ke6 Ne3
58.Be2 Nc2 59.b6 axb6 60.a6 Nb4 61.a7 Nd5 62.Bf3  1-0

[Event "Budapest FS06 GM"]
[Site "Budapest"]
[Date "1996.??.??"]
[Round "11"]
[White "Kaabi, Mejdi"]
[Black "Nisipeanu, Liviu Dieter"]
[Result "0-1"]
[WhiteElo "2395"]
[BlackElo "2515"]

1.d4 Nf6 2.c4 e6 3.Nf3 b6 4.a3 Bb7 5.Nc3 d5 6.cxd5 Nxd5 7.Qc2 Be7 8.e4 Nxc3
9.bxc3 O-O 10.Bd3 c5 11.O-O cxd4 12.cxd4 Nd7 13.Bb2 Rc8 14.Qe2 Qc7 15.Rad1 Bf6
16.Qe3 Rfd8 17.Rfe1 Qb8 18.h4 b5 19.h5 h6 20.Re2 a6 21.e5 Be7 22.Nd2 Kf8
23.Bb1 Ke8 24.Qg3 Bf8 25.f4 Nb6 26.f5 Bd5 27.Ne4 exf5 28.Nd6+ Bxd6 29.exd6+ Kf8
30.Bxf5 Rc6 31.Bc1 Qxd6 32.Bf4 Qf6 33.Bh7 Nc4 34.Rf1 Qxd4+ 35.Ref2 Rf6 36.Kh2 Be6
37.Bc2 Qc5 38.Qh4 Rd4 39.Bd1 Ne3  0-1

[Event "California-ch"]
[Site "?"]
[Date "1996.??.??"]
[Round "2"]
[White "Cusi, Ronald"]
[Black "Izumikawa, Burt"]
[Result "0-1"]
[WhiteElo "2365"]
[BlackElo "2385"]

1.d4 Nf6 2.Nf3 e6 3.c4 b6 4.a3 Bb7 5.Nc3 d5 6.cxd5 Nxd5 7.Qc2 Be7 8.e4 Nxc3
9.bxc3 c5 10.Bb5+ Bc6 11.Bd3 O-O 12.O-O Nd7 13.d5 exd5 14.exd5 Bxd5 15.Bxh7+ Kh8
16.Be4 Nf6 17.Bxd5 Qxd5 18.c4 Qh5 19.Bb2 Qh7 20.Qa4 Qf5 21.Rfe1 Bd6 22.Rad1 Rfd8
23.h3 Kg8 24.Qb3 Bc7 25.Qc3 Rxd1 26.Rxd1 Rd8 27.Rxd8+ Bxd8 28.Ne1 Qe4 29.Nc2 Nh5
30.Ne3 Bf6 31.Qd2 Qb1+ 32.Bc1 Nf4 33.Kh2 Nd3 34.Ng4 Nxc1 35.Nxf6+ gxf6 36.Qf4 Kg7
37.h4 Qc2 38.h5 Ne2 39.Qg4+ Kh7 40.Qf3 Nd4 41.Qd5 Kg7 42.h6+ Kxh6 43.Qxf7 Qg6
44.Qxa7 Qh5+ 45.Kg1 Qd1+ 46.Kh2 Ne2 47.Qf7 Qg1+ 48.Kh3 Qh1+ 49.Kg4 Qxg2+
50.Kf5 Nd4+ 51.Kxf6 Qxf2+ 52.Ke7 Nc6+  0-1

[Event "Cannes mT"]
[Site "Cannes"]
[Date "1996.??.??"]
[Round "10"]
[White "Ivkov, Borislav"]
[Black "Lepelletier, Benoit"]
[Result "1/2-1/2"]
[WhiteElo "2455"]
[BlackElo "2470"]

1.d4 Nf6 2.Nf3 e6 3.c4 b6 4.a3 Bb7 5.Nc3 g6 6.Bg5 Bg7 7.e3 h6 8.Bh4 d6 9.Be2 Nbd7
10.d5 g5 11.Bg3 Nc5 12.Nd4 O-O 13.Bf3 e5 14.Nf5 a5 15.h4 Bc8 16.hxg5 hxg5
17.Qc2 e4 18.Nxg7 Kxg7 19.Bxe4 Ncxe4 20.Nxe4 Bf5 21.f3 Qe7 22.Qc3 Bxe4 23.fxe4 Qxe4
24.O-O Qe7 25.e4 Kg6 26.e5 dxe5 27.Bxe5 Ng4 28.Rae1 Rae8 29.d6 cxd6 30.Bf6 Qd7
31.Qd3+ Kh6 32.Qh3+ Kg6 33.Qd3+  1/2-1/2

[Event "Cappelle op"]
[Site "Cappelle la Grande "]
[Date "1996.??.??"]
[Round "5"]
[White "Lukov, Valentin"]
[Black "Farago, Ivan"]
[Result "1/2-1/2"]
[WhiteElo "2450"]
[BlackElo "2525"]

1.d4 Nf6 2.Nf3 e6 3.c4 b6 4.a3 Bb7 5.Nc3 d5 6.cxd5 Nxd5 7.e3 g6 8.Bb5+ c6
9.Bd3 Bg7 10.O-O O-O 11.e4 Nxc3 12.bxc3 c5  1/2-1/2

[Event "Cappelle op"]
[Site "Cappelle la Grande "]
[Date "1996.??.??"]
[Round "6"]
[White "Farago, Ivan"]
[Black "Roeder, Mathias"]
[Result "1/2-1/2"]
[WhiteElo "2525"]
[BlackElo "2445"]

1.d4 Nf6 2.c4 e6 3.Nf3 b6 4.a3 Ba6 5.Qb3 d5 6.cxd5 exd5 7.Nc3 Be7 8.Bg5 c6
9.Bxf6 Bxf6 10.e4 Bxf1 11.Rxf1 dxe4 12.Nxe4 O-O 13.O-O-O Qe7 14.Rfe1 Nd7
15.Kb1 g6 16.Qc2 Rac8 17.Ne5 Nxe5 18.dxe5 Bxe5 19.Nd6 Rcd8 20.Nc4 Rxd1+ 21.Qxd1 f6
22.f4 Qf7 23.Nxe5 fxe5 24.fxe5 Qd5 25.Qe2 Qe6 26.g4 Rf4 27.h3 Qc4 28.Qxc4+ Rxc4
29.Rd1 h5 30.gxh5 gxh5 31.Rd7 a5 32.Rc7 a4 33.Rb7 b5 34.Rc7 Kf8 35.Rh7 Rh4
36.Rc7 Rxh3 37.Rxc6 Re3 38.Rc5 h4 39.e6 Rxe6 40.Rh5 Re4 41.Rxb5 Rc4 42.b3 axb3
43.Kb2 Kg7 44.Rh5 Kg6 45.Rh8 Kg5 46.Kxb3 Rc6 47.a4 Rh6 48.Rg8+ Kh5 49.a5 h3
50.Rg1 Kh4 51.Kb4 h2 52.Rh1 Kg3 53.Kb5 Kg2 54.Rxh2+ Kxh2 55.a6 Rxa6  1/2-1/2

[Event "Copenhagen-ch"]
[Site "Copenhagen"]
[Date "1996.??.??"]
[Round "4"]
[White "Schandorff, Lars"]
[Black "Brinck Claussen, Bjorn"]
[Result "1/2-1/2"]
[WhiteElo "2485"]
[BlackElo "2380"]

1.d4 Nf6 2.c4 e6 3.Nf3 b6 4.a3 Bb7 5.Nc3 d5 6.Bg5 Be7 7.Qa4+ c6 8.Bxf6 Bxf6
9.cxd5 exd5 10.g3 O-O 11.Bg2 c5 12.Rd1 c4 13.O-O a6 14.Ne5 b5 15.Qc2 Qd6
16.Ng4 Nd7 17.e4 dxe4 18.Nxe4 Bxe4 19.Bxe4 Rad8 20.Bxh7+ Kh8 21.Nxf6 Nxf6
22.Be4 Nxe4 23.Qxe4 Rfe8 24.Qf3 Qd5 25.Qxd5 Rxd5 26.Rd2 g5 27.Kg2 Kg7 28.h3 Red8
29.Rfd1 f5 30.g4 Kf6 31.f3 a5 32.Kf2 R8d7 33.f4 Rh7 34.fxg5+ Kxg5 35.Kg2 fxg4
36.hxg4 Rh4 37.Kf3 Rxg4 38.Ke3  1/2-1/2

[Event "Copenhagen-ch"]
[Site "Copenhagen"]
[Date "1996.??.??"]
[Round "7"]
[White "Schandorff, Lars"]
[Black "Hamann, Svend"]
[Result "1/2-1/2"]
[WhiteElo "2485"]
[BlackElo "2380"]

1.d4 Nf6 2.Nf3 e6 3.c4 b6 4.a3 c5 5.d5 Ba6 6.Qc2 exd5 7.cxd5 d6 8.Nc3 g6
9.g3 Bg7 10.Bg2 O-O 11.O-O Re8 12.Re1 Nbd7 13.Bf4 Qe7 14.h3 Ne4 15.Nxe4 Qxe4
16.Qd2 Qe7 17.Rac1 Nf6 18.Rc2 Rad8 19.Bg5 Qf8 20.Qd1 h6 21.Bxf6 Bxf6 22.e3 Qg7
23.Qd2 Bb5 24.b3 Bd7 25.Qd3 b5 26.Qe2 Rb8 27.Rec1 a5 28.Qd2 Ra8 29.Ne1 a4
30.b4 c4 31.Ra2 Rac8 32.Nc2 Bf5 33.Rd1 Bc3 34.Qc1 Bd3 35.Bf1 Be4 36.Bg2 Bxg2
37.Kxg2 Qe5 38.Kg1 Qf5 39.h4 Re4 40.Kg2 Re5 41.f3 Rxd5 42.e4 Rxd1 43.Qxd1 Qe5
44.Ne3 h5 45.Nd5 Bd4 46.Re2 Ba7 47.f4 Qe6 48.Qd2 Kg7 49.Qc3+ f6 50.Qd2 Qg4  1/2-1/2

[Event "Politiken Cup"]
[Site "Copenhagen"]
[Date "1996.??.??"]
[Round "7"]
[White "Krasenkow, Michal"]
[Black "Tukmakov, Vladimir B"]
[Result "1/2-1/2"]
[WhiteElo "2610"]
[BlackElo "2595"]

1.d4 Nf6 2.c4 e6 3.Nf3 b6 4.a3 Ba6 5.Qc2 Bb7 6.Nc3 c5 7.e4 cxd4 8.Nxd4 Bc5
9.Nb3 Nc6 10.Bf4 e5 11.Bg5 h6 12.Bh4 Be7 13.Rd1 O-O 14.f3 Ne8 15.Bf2 Nc7
16.c5 bxc5 17.Nxc5 Bxc5 18.Bxc5 Re8 19.Bc4 Ne6 20.Bxe6 Rxe6 21.O-O d6 22.Be3 Na5
23.Nd5 Ba6 24.Rfe1 Bc4 25.Qf2 Qd7 26.b4 Nc6 27.Qc2 Bb5 28.a4 Nxb4 29.Qb1 Bxa4
30.Qxb4 Bxd1 31.Rxd1 Kh7 32.Ra1 a6 33.Qe1 Rb8 34.Rxa6 Rb2 35.h4 Rg6 36.Bf2 Qh3
37.Ne3 Qxf3 38.Rxd6 Qxe4 39.Rxg6 Rb1 40.Rg3 Rxe1+ 41.Bxe1 f5 42.Bf2 f4 43.Rh3 fxe3
44.Rxe3 Qf4 45.Rh3 e4 46.Be3 Qg4 47.h5 Kg8 48.Kh2 Kf7 49.Kh1 Qd1+ 50.Kh2 Kf6
51.Bg1 Kf5 52.Be3 Ke5 53.Bg1  1/2-1/2

[Event "CZE-chT 9596"]
[Site "?"]
[Date "1996.??.??"]
[Round "2"]
[White "Krupkova, Petra"]
[Black "Hajek, Michal"]
[Result "1/2-1/2"]
[WhiteElo "2300"]
[BlackElo "2315"]

1.d4 Nf6 2.c4 e6 3.Nf3 b6 4.a3 Ba6 5.Qc2 c6 6.e4 d6 7.Nc3 Be7 8.Bd3 Qc7 9.e5 dxe5
10.dxe5 Ng4 11.Qe2 Nd7 12.Bf4 h5 13.h3 Nh6 14.O-O O-O-O 15.Ne4 Nc5 16.Nxc5 Bxc5
17.b4 Bd4 18.Rac1 c5 19.Rfd1 Bb7 20.Be4 Bxe4 21.Qxe4 Bb2 22.bxc5 Bxc1 23.Qa8+ Qb8
24.Qc6+ Qc7 25.Qa8+  1/2-1/2

[Event "CZE-chT 9596"]
[Site "?"]
[Date "1996.??.??"]
[Round "5"]
[White "Vokac, Marek"]
[Black "Kogan, Artur"]
[Result "1/2-1/2"]
[WhiteElo "2455"]
[BlackElo "2485"]

1.d4 Nf6 2.c4 e6 3.Nf3 b6 4.a3 Bb7 5.Nc3 g6 6.Qc2 Bg7 7.e4 d6 8.h3 Nbd7 9.Be2 O-O
10.Bg5 h6 11.Be3 c5 12.d5 exd5 13.exd5 a6 14.O-O Ne8 15.Rad1 f5 16.Rfe1 Bc8
17.Bd3 Ra7 18.Qd2 g5 19.Nxg5 hxg5 20.Bxg5 Bf6 21.Bh6 Ng7 22.f4 Bd4+ 23.Kh1 Bxc3
24.Qxc3 Qf6 25.Bxg7 Kxg7 26.Re7+ Rf7 27.Re6 Qxc3 28.bxc3 Rf6 29.Re7+ Rf7
30.Re6 Nf6 31.Rxd6 Ne4 32.Bxe4 fxe4 33.Rxb6 Rxf4 34.Rc6 Bf5 35.Re1 e3 36.Rxe3 Rxc4
37.Rg3+ Kh7 38.Rf6 Be4 39.d6 Rd7 40.Kh2 Bd5 41.Rf5 Bf7 42.Kg1 a5 43.Kh2 a4
44.Kg1 Bg6 45.Rf6 Bc2 46.Kh2 Bd1 47.Re3 Kg7 48.Rfe6 Rf4 49.g4 Bb3 50.Re7+ Rf7
51.Rxd7 Rxd7 52.Re7+ Rxe7 53.dxe7 Kf7 54.Kg3 Kxe7 55.Kf4 Kf6 56.h4 Bd1 57.h5 Bc2
58.c4 Bd3 59.g5+ Ke6 60.Ke3 Bxc4 61.h6 Kf7 62.h7 Kg7 63.g6 Bb5 64.Ke4 Bc6+
65.Kd3  1/2-1/2

[Event "Dresden op"]
[Site "Dresden"]
[Date "1996.??.??"]
[Round "7"]
[White "Wells, Peter K"]
[Black "Lau, Ralf"]
[Result "1-0"]
[WhiteElo "2475"]
[BlackElo "2510"]

1.d4 Nf6 2.c4 e6 3.Nf3 b6 4.a3 Ba6 5.Qc2 Bb7 6.Nc3 c5 7.e4 cxd4 8.Nxd4 d6
9.Be2 a6 10.O-O Nbd7 11.a4 Rc8 12.a5 Be7 13.Be3 O-O 14.axb6 Nxb6 15.Qb3 Nfd7
16.Rad1 Re8 17.Qa2 Qc7 18.Nf3 Nf6 19.Nd2 Nbd7 20.Qb1 Qb8 21.Bf4 Qa8 22.b4 h6
23.Bd3 Ng4 24.Be2 Nge5 25.Na4 Rc7 26.c5 Bc6 27.Nb6 Nxb6 28.cxb6 Rcc8 29.b5 axb5
30.Bxb5 Bxb5 31.Qxb5 Qb7 32.Bxe5 dxe5 33.Nc4 Qxe4 34.b7 Rb8 35.Rd7 Qf4 36.Rb1 e4
37.Qe5 Qg4 38.h3 Qe2 39.Na5 Qc2 40.Qb2 Qc5 41.Qb5 e3 42.Qxc5 Bxc5 43.fxe3 Bxe3+
44.Kf1 Bf4 45.Nc6 Kf8 46.Ra1 h5 47.Nxb8 Rxb8 48.Ra8 Ke8 49.Rd4 Bc7 50.Rxb8+ Bxb8
51.Rc4  1-0

[Event "RUS-ch"]
[Site "Elista"]
[Date "1996.??.??"]
[Round "3"]
[White "Sakaev, Konstantin"]
[Black "Namgilov, Sogto"]
[Result "1/2-1/2"]
[WhiteElo "2600"]
[BlackElo "2495"]

1.d4 Nf6 2.c4 e6 3.Nf3 b6 4.a3 Bb7 5.Nc3 d5 6.cxd5 Nxd5 7.Qc2 Nxc3 8.bxc3 Be7
9.e4 O-O 10.Bd3 c5 11.O-O cxd4 12.cxd4 Qc8 13.Qa2 Ba6 14.Bxa6 Qxa6 15.d5 b5
16.Rb1 Nd7 17.Nd4 exd5 18.exd5 b4 19.Nc6 Bd6 20.Rd1 bxa3 21.Rb3 Rfe8 22.Bxa3 Re2
23.Qa1 Rae8 24.g3 Qa4 25.Rbd3 Be5 26.Qb1 h5 27.Qb4 Qc2 28.R3d2 Rxd2 29.Rxd2 Qh7
30.Qb5 Bf6 31.Re2 Rxe2 32.Qxe2 Qf5 33.Qe8+ Kh7 34.Qxf7 Qb1+ 35.Kg2 Qe4+  1/2-1/2

[Event "RUS-ch"]
[Site "Elista"]
[Date "1996.??.??"]
[Round "4"]
[White "Notkin, Maksim"]
[Black "Yemelin, Vasily"]
[Result "1/2-1/2"]
[WhiteElo "2520"]
[BlackElo "2460"]

1.d4 Nf6 2.c4 e6 3.Nf3 b6 4.a3 Ba6 5.Qc2 Bb7 6.Nc3 c5 7.e4 cxd4 8.Nxd4 d6
9.Be2 Nbd7 10.Be3 a6 11.g4 h6 12.O-O-O g5 13.h4 Rg8 14.hxg5 hxg5 15.Kb1 Ne5
16.Bxg5 Rxg5 17.f4 Nfd7 18.fxg5 Qxg5 19.Ka2 Rc8 20.Qa4 Kd8 21.Rh5 Qg6 22.Rh8 Qg7
23.Rh5 Qg6 24.Rh8 Qg7 25.Rh5  1/2-1/2

[Event "FIN-chT 9697"]
[Site "FIN"]
[Date "1996.??.??"]
[Round "4.2"]
[White "Yrjola, Jouni"]
[Black "Tolonen, Leo Toivovich"]
[Result "1/2-1/2"]
[WhiteElo "2460"]
[BlackElo "2335"]

1.d4 Nf6 2.c4 e6 3.Nf3 b6 4.a3 c5 5.d5 Ba6 6.Qc2 exd5 7.cxd5 g6 8.Bf4 d6
9.Nc3 Bg7 10.Qa4+ b5 11.Nxb5 O-O 12.Nc3 Qb6 13.Qc2 Nbd7 14.Rd1 Rab8 15.Bc1 Rfe8
16.e3 Ng4 17.Be2 Nde5 18.O-O Nxf3+ 19.gxf3 Bxe2 20.Qxe2 Nh6 21.Qc4 Nf5 22.Rd2 Qb3
23.Qxb3 Rxb3 24.Rc2 Reb8 25.Rd1 Kf8 26.Kf1 Ke8 27.Ke2 Kd7 28.Rd3 c4 29.Rd1 Bxc3
30.bxc3 R8b5 31.e4 Ne7 32.Rd4 Rc5 33.Rb2 Rxb2+ 34.Bxb2 Nc8 35.Ke3 Nb6 36.Rd2 Rb5
37.Kd4 Na4 38.Bc1 Rb3 39.Rc2 Nb6 40.f4 f6 41.f3 Ke7 42.h3 Kd7 43.h4 Ke7 44.Ke3 Kf7
45.Kd4 Kg7 46.f5 Kf7 47.fxg6+ hxg6 48.f4 Kg7 49.f5 gxf5 50.Bf4 fxe4 51.Kxe4 Kf7
52.Bxd6  1/2-1/2

[Event "Foment op"]
[Site "Foment"]
[Date "1996.??.??"]
[Round "9"]
[White "Comas Fabrego, Luis"]
[Black "Gonzalez, J."]
[Result "1/2-1/2"]
[WhiteElo "2490"]
[BlackElo "2395"]

1.d4 Nf6 2.c4 e6 3.Nf3 b6 4.a3 Bb7 5.Nc3 d5 6.Bg5 dxc4 7.e3 Be7 8.Bxc4 O-O
9.O-O Nbd7 10.Qe2 h6 11.Bh4 Ne4 12.Bxe7 Qxe7 13.Nxe4 Bxe4 14.Rac1 c5 15.dxc5 Bxf3
16.Qxf3 Nxc5 17.b4 Nb7 18.Ba6 Nd6 19.Qc6 Rad8 20.e4 Rd7 21.Rfd1 Rfd8 22.Rd3 Ne8
23.Rxd7 Rxd7 24.Qa8 Kh7 25.e5 Rd5 26.f4 Qd7 27.Qc8 Rd1+ 28.Rxd1 Qxd1+ 29.Kf2 Qd4+
30.Kf3 f5 31.Qxe8 Qe4+ 32.Kf2 Qxf4+ 33.Ke2 Qxe5+ 34.Kd3 Qd5+ 35.Kc3 Qe5+
36.Kb3 Qd5+ 37.Bc4 Qd1+ 38.Kb2 Qd2+ 39.Kb3 Qd1+ 40.Kc3 Qc1+ 41.Kb3 Qd1+  1/2-1/2